[Event "Barcelona Rubi op-B 5th"]
[Site "Barcelona"]
[Date "2004.04.??"]
[Round "5"]
[White "Puig Argiles, Jaume"]
[Black "Castellvi Monserrat, Carlos"]
[Result "0-1"]
[WhiteElo "1885"]
[BlackElo "1825"]
[PlyCount "102"]
[EventDate "2004.04.25"]
[EventType "swiss"]
[EventRounds "7"]
[EventCountry "ESP"]
[SourceTitle "EXT 2007"]
[Source "ChessBase"]
[SourceDate "2006.11.23"]
[SourceVersion "1"]
[SourceVersionDate "2006.11.23"]
[SourceQuality "1"]

1. e4 e5 2. Nf3 Nc6 3. d4 exd4 4. Nxd4 Qf6 5. Be3 Bc5 6. c3 Bb6 7. Be2 Nge7 8. Na3 a6 9. 0-0 0-0 10. Nac2 Rd8 11. Qc1 h6 12. f4 Ng6 13. Qe1 d5 14. e5 Qh4 15. Qxh4 Nxh4 16. Bd3 Nxd4 17. cxd4 Nf5 18. Bf2 h5 19. Rad1 Be6 20. Bxf5 Bxf5 21. Ne3 Be4 22. g4 Bf3 23. Rc1 hxg4 24. h3 Ba5 25. Bh4 Rd7 26. hxg4 Bd2 27. Rce1 Bxe1 28. Bxe1 Be4 29. f5 Re8 30. Rf4 c6 31. Bb4 b6 32. Nd1 c5 33. dxc5 bxc5 34. Bxc5 Rxe5 35. Bd4 Re8 36. Nc3 f6 37. Na4 Bb1 38. Nc5 Rd6 39. a3 Kf7 40. Ne6 Rc6 41. Bc3 Rc4 42. Rd4 Rxd4 43. Bxd4 g6 44. Nc7 Re4 45. fxg6+ Kxg6 46. Bc3 Rxg4+ 47. Kf2 d4 48. Bd2 Bd3 49. Ba5 Bc4 50. a4 d3 51. b4 d2 0-1

[Event "Catalunya-chT"]
[Site "Spain"]
[Date "2004.??.??"]
[Round "3"]
[White "Mari Artuneda, Miquel"]
[Black "Castellvi Monserrat, Carlos"]
[Result "1-0"]
[WhiteElo "1920"]
[BlackElo "1825"]
[PlyCount "59"]
[EventDate "2004.??.??"]
[EventType "team"]
[EventRounds "9"]
[EventCountry "ESP"]
[SourceTitle "EXT 2007"]
[Source "ChessBase"]
[SourceDate "2006.11.23"]
[SourceVersion "1"]
[SourceVersionDate "2006.11.23"]
[SourceQuality "1"]

1. d4 d5 2. c4 e6 3. Nc3 c6 4. Nf3 Nf6 5. Bg5 Bb4 6. cxd5 cxd5 7. e3 0-0 8. Bd3 Nc6 9. 0-0 Re8 10. Ne5 Bd6 11. f4 Be7 12. Bxf6 Bxf6 13. Bxh7+ Kf8 14. Bd3 Bxe5 15. fxe5 Qg5 16. Qf3 Re7 17. Qh3 Qh6 18. Qxh6 gxh6 19. Rf6 Kg7 20. Raf1 Nb4 21. Bb1 Bd7 22. R1f3 Rh8 23. a3 Na6 24. e4 Nc7 25. exd5 Nxd5 26. Nxd5 exd5 27. Rd6 Kf8 28. Ba2 Be6 29. Bxd5 Bxd5 30. Rxd5 1-0